Kuchyně - její vývoj, výstavba, zařízení a vedení

Bibliographic Details
Main Author: Pořisková-Urbanová, Marta (Author)
Other Authors: Pořiska, Karel (Compiler)
Format: Book
Language:Czech
PhysicalDescription:163 strán fotografie, grafy, ilustrácie, schémy, tabuľky 24 cm
Published: V Turčianskom Svätom Martine nákladem vlastním 1930
Subjects:

MARC

LEADER 00000cam a2200000 a 4500
001 vtls008391644
003 SK-MaSNL
005 20260301101717.0
008 180812s1930 xo odalgrf 000 0 cze
015 |a SNBA19191938-001637 
020 |q (brožované) 
035 |a SK01SNKBIKKM20010083861 
035 |a SKM000086324 
040 |a SNK  |b slo  |c SNK  |e AACR2 
041 0 |a cze 
044 |a xo  |c SK 
072 7 |a 643  |x Byt. Miestnosti. Vybavenie bytu  |2 konspekt 
080 |a 643.3  |2 2001 
080 |a (035)  |2 2011 
100 1 |a Pořisková-Urbanová, Marta  |4 aut  |9 436354 
245 1 0 |a Kuchyně - její vývoj, výstavba, zařízení a vedení  |c napsala: Marta Pořisková-Urbanová ; stavební část zpracoval: Karel Pořiska 
260 |a V Turčianskom Svätom Martine  |b nákladem vlastním  |c 1930 
300 |a 163 strán  |b fotografie, grafy, ilustrácie, schémy, tabuľky  |c 24 cm 
500 |a Ilustrácia na titulnej strane. Obsahuje reklamy 
650 0 7 |a kuchyne  |2 SNKPH  |9 70203 
650 0 7 |a kuchynské spotrebiče  |2 SNKPH  |9 68136 
650 0 7 |a kuchynské vybavenie  |2 SNKPH  |9 436355 
650 0 7 |a kuchynské zariadenia  |2 SNKPH  |9 436356 
655 7 |a príručky  |2 SNKPH  |9 74364 
700 1 |a Pořiska, Karel  |4 com  |9 436357 
752 |a Slovensko  |d Turčiansky Svätý Martin 
852 |a Slovenská národná knižnica 
954 |a odborná, vedecká literatúra cudzojazyčná (svetová)  |2 lita 
958 |a RK 
958 |a TL 
958 |a OND 
999 |c 690106  |d 692036 
952 |a SNK  |b SNK  |y VYP  |7 0  |p 17A1020272  |o snkSC 930 D1  |i snkF 1041/87  |8 5  |0 0  |1 0  |4 0  |d 2012-09-10  |l 0  |r 2026-02-23 20:24:41  |w 2026-02-23 
952 |a SNK  |b SNK  |y PREZ  |7 0  |p 17A0715371  |o snkSC 930  |i snk678/37  |0 0  |1 0  |4 0  |d 2024-03-07  |f 1  |l 0  |r 2025-06-04 00:00:00  |w 2026-02-23